J'ai perdu le nord - La reine des neiges 2 - Statistiques

Statistiques générales
  • Ce quiz a été pris 50 fois
  • Le résultat moyen est 164 sur 206
Statistiques - réponses
Hint Réponse % Correct
Kristoff Quand
100%
quand
100%
tu
95%
Choeur Tu
95%
à
90%
a
90%
et
90%
Et
90%
j'ai
90%
J'ai
90%
je
90%
Je
90%
la
90%
90%
là,
90%
le
90%
me
90%
nord,
90%
nord.
90%
perdu
90%
Choeur Perdu
90%
que
90%
sud,
90%
suis
90%
te
90%
toi
90%
un
90%
une
90%
boussole
85%
boussole,
85%
l'est
85%
l'ouest,
85%
ma
85%
moi.
85%
moi
85%
Kristoff Moi
85%
qui
85%
va
85%
comme
80%
de
80%
des
80%
dis
80%
mais
80%
ne
80%
pense
80%
plus
80%
Plus
80%
pour
80%
t'en
80%
vas,
80%
vas.
80%
vie
80%
chemin,
75%
dans
75%
du
75%
nous,
75%
nous
75%
nouveau
75%
75%
pars.
75%
prends
75%
sais
75%
sans
75%
vrai
75%
avec
70%
Choeur Avec
70%
bateau
70%
bien,
70%
c'est
70%
faire
70%
fais
70%
jamais
70%
lumière
70%
pas
70%
phare.
70%
quoi
70%
rien,
70%
rien
70%
tout
70%
vieux
70%
amour
65%
ciel,
65%
frisson.
65%
grand
65%
meilleur,
65%
ressens
65%
sépare,
65%
si
65%
veux
65%
vraie
65%
était
60%
évidence,
60%
fleurs.
60%
guette
60%
illusions.
60%
l'espoir
60%
lire
60%
notre
60%
parce
60%
revoir.
60%
savais
60%
tant
60%
t'offrir
60%
verras.
60%
verras
60%
Autrefois,
55%
console
55%
doute
55%
ferveur.
55%
lorsque
55%
Kristoff Ton
55%
C'était
50%
J'attendrai,
50%
montré
50%
n'avait
50%
peut-être
50%
bientôt
45%
jour
45%
Est-ce
40%
qu'un
40%
reviendras ?
40%
Aucun quiz correspondant
Distribution des résultats
% des personnes avec chaque résultat
Percentile par nombre de réponses
Votre historique - résultats
Vous n’avez pas pris ce quiz